Phép tính vi phân - Dạng vi phân trong không gian Banach
Giới thiệu một số kiến thức về ánh xạ tuyến tính và đa tuyến tính giữa các không gian Banach, ánh xạ khả vi, đạo hàm cấp cao. Dạng vi phân và tích phân dạng vi phân,...
Na minha lista:
| Autor principal: | |
|---|---|
| Formato: | Livro |
| Idioma: | Undetermined |
| Publicado em: |
Hà Nội
Đại học Sư phạm
2010
|
| Assuntos: | |
| Tags: |
Adicionar Tag
Sem tags, seja o primeiro a adicionar uma tag!
|
| Thư viện lưu trữ: | Trung tâm Học liệu Trường Đại học Cần Thơ |
|---|
| LEADER | 00923nam a2200217Ia 4500 | ||
|---|---|---|---|
| 001 | CTU_157362 | ||
| 008 | 210402s9999 xx 000 0 und d | ||
| 020 | |c 23000 | ||
| 082 | |a 515.72 | ||
| 082 | |b Kh507 | ||
| 100 | |a Nguyễn Văn Khuê | ||
| 245 | 0 | |a Phép tính vi phân - Dạng vi phân trong không gian Banach | |
| 245 | 0 | |c Nguyễn Văn Khuê, Lê Mậu Hải | |
| 260 | |a Hà Nội | ||
| 260 | |b Đại học Sư phạm | ||
| 260 | |c 2010 | ||
| 520 | |a Giới thiệu một số kiến thức về ánh xạ tuyến tính và đa tuyến tính giữa các không gian Banach, ánh xạ khả vi, đạo hàm cấp cao. Dạng vi phân và tích phân dạng vi phân,... | ||
| 650 | |a Mathematics,Toán học | ||
| 650 | |x Calculus, differential,Phép tính vi phân | ||
| 904 | |i Năm | ||
| 980 | |a Trung tâm Học liệu Trường Đại học Cần Thơ | ||